Mentalidad social /

Obra que analiza la mentalidad burguesa y obrera desde los valores cristianos para acceder a una nueva mentalidad social, que nos permita un desarrollo equilibrado entre economía y sociedad.

Salvato in:
Dettagli Bibliografici
Autore principale: Gutiérrez Duque, Fernando (autor)
Natura: Libro
Lingua:spagnolo
Pubblicazione: Madrid, España : Studium, 1964, c1964
Soggetti:
Tags: Aggiungi Tag
Nessun Tag, puoi essere il primo ad aggiungerne!!

MARC

LEADER 00000nam^a2200000^a^4500
001 000165416
005 20250521000000.0
009 20260310101018.302
037 |a Acervo ITESO - Biblioteca 
041 |a ESP 
082 |a 305. 5  |b GUT 
100 |a Gutiérrez Duque, Fernando  |e (autor) 
245 1 0 |a Mentalidad social /  |c F. Gutiérrez Duque. 
264 4 |a Madrid, España :  |b Studium,  |c 1964, c1964 
300 |a 135 p. 
336 |a texto  |b txt  |2 rdacontenido 
337 |a sin mediación  |b n  |2 rdamedio 
338 |a volumen  |b nc  |2 rdasoporte 
520 |a Obra que analiza la mentalidad burguesa y obrera desde los valores cristianos para acceder a una nueva mentalidad social, que nos permita un desarrollo equilibrado entre economía y sociedad. 
649 |a XX 
650 |a Obreros -  |x Condiciones Psicológicas 
650 |a Obreros -  |x Condiciones Sociales y Culturales 
650 |a Burguesía -  |x Condiciones Psicológicas 
650 |a Burguesía -  |x Condiciones Sociales y Culturales 
650 |a Clases Sociales 
650 |a Discriminación 
650 |a Lucha de Clases 
650 |a Conciencia de Clase 
650 |a Problemas Sociales 
650 |a Desarrollo Económico-Social -  |x Aspectos Eticos 
650 |a Cristianismo y Sociedad 
650 |a Capitalismo -  |x Aspectos Sociales y Culturales 
650 |a Economía -  |x Aspectos Eticos 
650 |a Sociología de la Cultura 
650 |a Sociología 
910 |a Fondo General 
920 |a Impresos - Libros 
930 |a Colección General 
905 |a 101 
901 |a 0500100276  |b IT1  |c ACC  |u 20250521 
902 |a https://opac.biblio.iteso.mx/vufind/Record/000165416